My Singing Monsters Cold Island - Statistics

General Stats
  • This quiz has been taken 31 times
    5 since last reset
  • The average score is 17 of 32
Answer Stats
Hint Answer % Correct
Cold Mammott
100%
Double (cold + air) Pango
100%
Plant Potbelly
100%
Water Toe Jammer
100%
Air Tweedle
100%
Triple (plant + cold +water) Bowgart
75%
Dipster Do
75%
Dipster Fa
75%
Double (plant + cold) Furcorn
75%
Dipster La
75%
Dipster Mi
75%
Rare Supernatural Rare Wubbox
75%
Dipster Re
75%
Dipster Sol
75%
Dipster Ti
75%
Supernatural Wubbox
75%
Quad (plant + cold + air + water) Deedge
50%
Epic Supernatural Epic Wubbox (cold)
50%
Double (cold + water) Maw
50%
Double (air + water) Quibble
50%
Triple (plant + air + water) Spunge
50%
Triple (cold + air + water) Congle
25%
Double (plant + air) Dandidoo
25%
Double (plant + water) Oaktopus
25%
Mythical Strombonin
25%
Triple (plant + cold + air) Thumpies
25%
Seasonal (Festival of Yay) Yool
25%
Legendary bbli$ard
0%
N/A (Colossal) Frigil
0%
Ethereal (shadow) Grumpyre
0%
Legendary (Werdo) Maggpi
0%
Legendary (Werdo) Tawkerr
0%
No matching quizzes found
Score Distribution
Percent of People with Each Score
Percentile by Number Answered
Your Score History
You have not taken this quiz since the last reset